000
00323nam a2200121Ia 4500
008
151213s9999 xx 000 0 und d
245
_a
Bangladesh National Bibliography - 2006
260
_a
Dhaka
_b
Bangladesh National University
_c
2006
300
_a
4498 p.
650
_a
Bibliography
650
_a
Reference
999
_c
2873
_d
2873